000 00797pam a2200229 a 4500
001 1597223
005 20251202163845.0
008 941003r19941973nyua b 001 0 eng
020 _a0486683362
_qpbk.
020 _a9780486683362
_q(pbk.)
050 0 0 _aQA303
_b.E22 1994
082 0 0 _a515/.84
_220
100 1 _aEdwards, C. Henry
_q(Charles Henry),
_d1937-
245 1 0 _aAdvanced calculus of several variables /
_cC.H. Edwards, Jr.
260 _aNew York :
_bDover Publications,
_c1994.
300 _ax, 457 p. :
_bill. ;
_c24 cm.
440 0 _aDover books on advanced mathematics
500 _aOriginally published: New York : Academic Press, 1973.
650 0 _aCalculus.
856 4 2 _3Publisher description
_uhttp://www.loc.gov/catdir/description/dover032/94024204.html
942 _2lcc
_cBK
_n0
999 _c8498
_d8498